| 000 | 00565nam a2200157Ia 4500 | ||
|---|---|---|---|
| 008 | 230907s9999||||xx |||||||||||||| ||und|| | ||
| 082 |
_a620.1 _bUMA |
||
| 100 |
_aMuhammad Umair Ali Moughal (00000320563) _9116657 |
||
| 245 | 3 | _aAn upgraded Voltage Stability Index based Approach for Multiple DG Placement in Mesh Distribution System across Multiple Horizons / | |
| 260 |
_aUSPCAS-E, NUST, _bIslamabad : _c2021 |
||
| 300 | _avii, 62 p. | ||
| 520 | _aTH-327 | ||
| 650 | _aMS-EEP Thesis MS Thesis | ||
| 700 |
_aDr. Syed Ali Abbas Kazmi _9117439 |
||
| 942 |
_cTHE _2ddc |
||
| 999 |
_c602005 _d602005 |
||